[Event "AUT-ch Vor3 Internet"]
[Site "Playchess.com INT"]
[Date "2020.04.17"]
[Round "6"]
[White "Fugger, Christian"]
[Black "Andreatta, Ralph"]
[Result "1/2-1/2"]
[WhiteElo "1807"]
[BlackElo "1623"]
[PlyCount "48"]
[EventDate "2020.04.17"]
[EventType "swiss (blitz)"]
[EventRounds "9"]
[EventCountry "AUT"]
[SourceTitle "CBM 195 Extra"]
[Source "ChessBase"]
[SourceDate "2020.05.31"]
[SourceVersion "1"]
[SourceVersionDate "2020.05.31"]
[SourceQuality "1"]

1. Nf3 d5 2. b3 e6 3. Bb2 Nf6 4. e3 g6 5. c4 dxc4 6. Bxc4 Bg7 7. 0-0 0-0 8. Nc3 b6 9. Rc1 c5 10. d4 cxd4 11. Nxd4 Bb7 12. Qe2 Nbd7 13. Rfd1 Qe8 14. Bb5 a6 15. Bd3 Qb8 16. e4 Nc5 17. b4 Nxd3 18. Qxd3 Qf4 19. Nde2 Qh4 20. Ng3 Rad8 21. Qe2 Rxd1+ 22. Rxd1 b5 23. a3 Ng4 24. h3 Ne5 1/2-1/2

[Event "AUT-ch Vor3 Internet"]
[Site "Playchess.com INT"]
[Date "2020.04.17"]
[Round "3"]
[White "Ussar, Reinhard"]
[Black "Fugger, Christian"]
[Result "0-1"]
[WhiteElo "1676"]
[BlackElo "1807"]
[PlyCount "52"]
[EventDate "2020.04.17"]
[EventType "swiss (blitz)"]
[EventRounds "9"]
[EventCountry "AUT"]
[SourceTitle "CBM 195 Extra"]
[Source "ChessBase"]
[SourceDate "2020.05.31"]
[SourceVersion "1"]
[SourceVersionDate "2020.05.31"]
[SourceQuality "1"]

1. e4 c6 2. d4 d5 3. exd5 cxd5 4. c4 Nf6 5. Nc3 Nc6 6. Nf3 Bg4 7. Be2 e6 8. Be3 dxc4 9. Bxc4 Be7 10. h3 Bh5 11. g4 Bg6 12. Qb3 Rb8 13. 0-0-0 0-0 14. Ne5 Na5 15. Qa4 Nxc4 16. Nxc4 Rc8 17. Nd2 Nd5 18. Qxa7 Nxc3 19. bxc3 Rxc3+ 20. Kb2 Rc2+ 21. Ka1 Bb4 22. f4 Bc3+ 23. Kb1 Rxd2+ 24. Kc1 Rc2+ 25. Kb1 Rh2+ 26. Kc1 Bb2# 0-1

[Event "AUT-ch Vor3 Internet"]
[Site "Playchess.com INT"]
[Date "2020.04.17"]
[Round "5"]
[White "Wagner, Leopold Franziskus"]
[Black "Fugger, Christian"]
[Result "1-0"]
[WhiteElo "2168"]
[BlackElo "1807"]
[PlyCount "69"]
[EventDate "2020.04.17"]
[EventType "swiss (blitz)"]
[EventRounds "9"]
[EventCountry "AUT"]
[SourceTitle "CBM 195 Extra"]
[Source "ChessBase"]
[SourceDate "2020.05.31"]
[SourceVersion "1"]
[SourceVersionDate "2020.05.31"]
[SourceQuality "1"]

1. e4 c6 2. d4 d5 3. exd5 cxd5 4. Bd3 Nf6 5. c3 Nc6 6. Ne2 a6 7. Bf4 Bg4 8. f3 Bh5 9. 0-0 e6 10. Nd2 Bd6 11. Nb3 0-0 12. Qd2 Qc7 13. Bxd6 Qxd6 14. Nf4 Bg6 15. Bxg6 hxg6 16. Nd3 b6 17. Rae1 Rac8 18. Qe3 Ne7 19. Ne5 Nf5 20. Qd3 b5 21. Nc5 Rfd8 22. b4 Qb6 23. Rf2 a5 24. a3 axb4 25. axb4 Ne7 26. Rfe2 Nc6 27. g4 Nxe5 28. Rxe5 Nd7 29. R5e2 Ra8 30. h4 Ra3 31. h5 Nxc5 32. dxc5 Qc6 33. hxg6 fxg6 34. Rxe6 Qa8 35. Qxg6 1-0

[Event "AUT-ch Vor1 Internet"]
[Site "Playchess.com INT"]
[Date "2020.04.11"]
[Round "5"]
[White "Janes, Christian"]
[Black "Fugger, Christian"]
[Result "1/2-1/2"]
[WhiteElo "1740"]
[BlackElo "1818"]
[PlyCount "101"]
[EventDate "2020.04.11"]
[EventType "swiss (blitz)"]
[EventRounds "9"]
[EventCountry "AUT"]
[SourceTitle "CBM 195 Extra"]
[Source "ChessBase"]
[SourceDate "2020.05.31"]
[SourceVersion "1"]
[SourceVersionDate "2020.05.31"]
[SourceQuality "1"]

1. e4 c5 2. Nf3 d6 3. c3 Nf6 4. e5 dxe5 5. Nxe5 Nbd7 6. Bb5 a6 7. Bxd7+ Bxd7 8. Nxd7 Qxd7 9. 0-0 e6 10. Qf3 Bd6 11. d4 cxd4 12. cxd4 h6 13. Be3 0-0 14. Nc3 Rac8 15. Rad1 Rfd8 16. a3 Bb8 17. Bf4 Bxf4 18. Qxf4 Nd5 19. Qd2 Qe7 20. Nxd5 Rxd5 21. Rfe1 Rcd8 22. Qe3 Qf6 23. Qc3 Qf4 24. g3 Qg5 25. Rd3 e5 26. Rxe5 Rxe5 27. dxe5 Rxd3 28. Qxd3 Qxe5 29. Qd8+ Kh7 30. Qd3+ g6 31. b4 Kg7 32. Kg2 b5 33. h4 g5 34. hxg5 hxg5 35. g4 f6 36. f3 Qe7 37. Kg3 Qc7+ 38. Kg2 Qc4 39. Qd7+ Kg6 40. Qf5+ Kg7 41. Qd7+ Qf7 42. Qd6 Qa2+ 43. Kg3 Qxa3 44. Qe7+ Kg6 45. Qe8+ Kh7 46. Qf7+ Kh8 47. Qxf6+ Kh7 48. Qf7+ Kh6 49. Qf6+ Kh7 50. Qf7+ Kh6 51. Qf6+ 1/2-1/2

[Event "AUT-ch Vor1 Internet"]
[Site "Playchess.com INT"]
[Date "2020.04.11"]
[Round "2"]
[White "Klinglmair, Guenter"]
[Black "Fugger, Christian"]
[Result "0-1"]
[WhiteElo "1483"]
[BlackElo "1818"]
[PlyCount "72"]
[EventDate "2020.04.11"]
[EventType "swiss (blitz)"]
[EventRounds "9"]
[EventCountry "AUT"]
[SourceTitle "CBM 195 Extra"]
[Source "ChessBase"]
[SourceDate "2020.05.31"]
[SourceVersion "1"]
[SourceVersionDate "2020.05.31"]
[SourceQuality "1"]

1. Nf3 d5 2. g3 c5 3. Bg2 Nc6 4. 0-0 e5 5. d4 cxd4 6. e3 dxe3 7. Bxe3 Nf6 8. Re1 Bd6 9. Nbd2 0-0 10. c3 Bg4 11. h3 Bh5 12. Qc1 Re8 13. c4 d4 14. Bg5 Bg6 15. Nh4 Rc8 16. Nxg6 hxg6 17. Ne4 Be7 18. Qc2 Nxe4 19. Bxe7 Qxe7 20. Qxe4 Qc5 21. b3 a5 22. Rac1 b6 23. h4 Nb4 24. Re2 d3 25. Rd2 Rcd8 26. Bf1 Rd4 27. Qe3 e4 28. Rc3 f5 29. a3 Nc2 30. Qg5 e3 31. Rdxd3 Rxd3 32. Rxd3 e2 33. Bxe2 Rxe2 34. Rd8+ Kh7 35. h5 Qxf2+ 36. Kh1 Qg2# 0-1

[Event "Haid op 6th"]
[Site "Haid"]
[Date "2018.09.01"]
[Round "6"]
[White "Woess, Helmut"]
[Black "Fugger, Christian"]
[Result "0-1"]
[WhiteElo "1553"]
[BlackElo "1876"]
[PlyCount "84"]
[EventDate "2018.08.27"]
[EventType "swiss"]
[EventRounds "7"]
[EventCountry "AUT"]
[SourceTitle "CBM 186 Extra"]
[Source "ChessBase"]
[SourceDate "2018.08.24"]
[SourceVersion "1"]
[SourceVersionDate "2018.08.24"]
[SourceQuality "1"]

1. e4 c6 2. d4 d5 3. exd5 cxd5 4. Nf3 Bg4 5. Nc3 Nc6 6. Be2 e6 7. 0-0 Nf6 8. Bg5 Be7 9. h3 Bxf3 10. Bxf3 Qb6 11. b3 Qxd4 12. Qxd4 Nxd4 13. Bd1 Rc8 14. Ne2 Nxe2+ 15. Bxe2 Rxc2 16. Bb5+ Nd7 17. Bxe7 Kxe7 18. b4 a6 19. Ba4 Rc3 20. Rfe1 Rhc8 21. Rad1 b5 22. Bb3 Kf8 23. Kh2 Nb6 24. Rd4 Nc4 25. Re2 a5 26. bxa5 Nxa5 27. Bxd5 exd5 28. Rxd5 Nc6 29. Rb2 b4 30. g3 Ra3 31. Rc2 Rd8 32. Rh5 Nd4 33. Rb2 Nf3+ 34. Kg2 Rd1 35. Rb3 Ne1+ 36. Kh2 Rxa2 37. h4 Rxf2+ 38. Kh3 Nd3 39. Ra5 g6 40. Kg4 Kg7 41. h5 f5+ 42. Kh4 Rh1+ 0-1

[Event "Hoersching op 4th"]
[Site "Hoersching"]
[Date "2016.09.01"]
[Round "4"]
[White "Dumancic, Pero"]
[Black "Fugger, Christian"]
[Result "1-0"]
[WhiteElo "2062"]
[BlackElo "1919"]
[PlyCount "111"]
[EventDate "2016.08.29"]
[EventType "swiss"]
[EventRounds "7"]
[EventCountry "AUT"]
[SourceTitle "CBM 174 Extra"]
[Source "ChessBase"]
[SourceDate "2016.10.10"]
[SourceVersion "1"]
[SourceVersionDate "2016.10.10"]
[SourceQuality "1"]

1. d4 d5 2. Nf3 e6 3. g3 Nf6 4. Bg2 Nbd7 5. Nbd2 c6 6. 0-0 Be7 7. b3 0-0 8. Bb2 Re8 9. c4 Bd6 10. Qc2 e5 11. dxe5 Nxe5 12. cxd5 Nxd5 13. e4 Nb4 14. Qb1 Nbd3 15. Bc3 Bg4 16. Nxe5 Bxe5 17. Bxe5 Nxe5 18. Qc2 Qd4 19. Nc4 Nf3+ 20. Kh1 Qxe4 21. Qxe4 Rxe4 22. h3 Re6 23. Ne3 f5 24. hxg4 Rh6+ 25. Bh3 Ng5 26. Nxf5 Rxh3+ 27. Kg2 g6 28. f4 gxf5 29. fxg5 fxg4 30. Rf4 Rh5 31. Rxg4 Rd8 32. Kf3 Kg7 33. Re1 Rd3+ 34. Ke4 Rd2 35. Kf5 Rf2+ 36. Rf4 Rxf4+ 37. gxf4 Kf7 38. Re6 Rh2 39. Rf6+ Kg7 40. Rd6 Rxa2 41. Rd7+ Kf8 42. Kf6 Ke8 43. Rxh7 Rd2 44. Re7+ Kf8 45. Rxb7 Rd6+ 46. Ke5 Rd3 47. g6 Rd5+ 48. Ke6 a5 49. f5 Rb5 50. Ra7 Rxb3 51. f6 Re3+ 52. Kf5 Rf3+ 53. Ke5 Re3+ 54. Kf4 Re8 55. Rf7+ Kg8 56. Rg7+ 1-0

[Event "Neumarkt am Wallersee op 11th"]
[Site "Neumarkt am Wallersee"]
[Date "2012.08.28"]
[Round "4"]
[White "Fugger, Christian"]
[Black "Kuecher, Wolfgang"]
[Result "1-0"]
[WhiteElo "1938"]
[BlackElo "2075"]
[PlyCount "83"]
[EventDate "2012.08.26"]
[EventType "swiss"]
[EventRounds "9"]
[EventCountry "AUT"]
[SourceTitle "EXT 2013"]
[Source "ChessBase"]
[SourceDate "2012.11.22"]
[SourceVersion "1"]
[SourceVersionDate "2012.11.22"]
[SourceQuality "1"]

1. d4 b6 2. e4 Bb7 3. Bd3 e6 4. Nf3 c5 5. c3 Nf6 6. Qe2 d6 7. 0-0 Be7 8. Nbd2 Nc6 9. Re1 Qc7 10. Nc4 d5 11. exd5 Nxd5 12. Nce5 Nxe5 13. Nxe5 0-0 14. dxc5 bxc5 15. Qh5 f5 16. Bc4 Bf6 17. Nf3 Rae8 18. Bg5 Kh8 19. Rad1 g6 20. Qh4 Bg7 21. Bb5 Bc6 22. Bxc6 Qxc6 23. c4 Nb6 24. Be7 Rxe7 25. Qxe7 Nc8 26. Qxe6 Qxe6 27. Rxe6 Bxb2 28. Rd7 Kg8 29. Ng5 Bg7 30. Rc6 Re8 31. g3 Nb6 32. Rxa7 Nxc4 33. Rcc7 Bf6 34. Nf7 Kf8 35. Nh6 Re1+ 36. Kg2 Be7 37. Ng8 Kxg8 38. Rxe7 Rxe7 39. Rxe7 Nd6 40. a4 Nc4 41. Rc7 Nb6 42. a5 1-0